01079 2200265 4500001002100000005001500021035002000036007000300056008004100059020002200100082001100122084002000133100002400153245006700177250002600244300004400270650002000314700002300334520032200357264004400679336002100723337003000744338002300774990001600797INLIS00000000116410120240718120154 a0010-0724000041ta240718 g | ind  a978-623-5269-55-9 a2X7.15 aSR 2X7.15 MUY t0 aMuyassarohepenulis1 aTernyata aku bisa sekuat ini /cMuyassaroh; editor, Esti Utami aCetakan Pertama, 2024 aviii. 190 halaman :bilustrasi ;c20 cm 4aPsikologi agama0 aEsti Utamieeditor aBuku Ternyata Aku Bisa Sekuat Ini berisi nasihat dan renungan mendalam yang mengajak kita agar selalu berbaik sangka dan semakin mendekatkan diri pada Allah ketika mengalami kesulitan dan terpuruk akibat masalah yang datang silih berganti. Yakin bahwa Allah yang dapat mengubah kekalutan menjadi rasa tenang dan aman. aSemarang :bSyalmahat Publishing,c2024 2rdacontentaTeks 2rdamediaaTanpa perantara 2rdacarrieraVolume a53109.65929